<?xml version="1.0" encoding="UTF-8"?>
<record
    xmlns:xsi="http://www.w3.org/2001/XMLSchema-instance"
    xsi:schemaLocation="http://www.loc.gov/MARC21/slim http://www.loc.gov/standards/marcxml/schema/MARC21slim.xsd"
    xmlns="http://www.loc.gov/MARC21/slim">

  <leader>03398nam a2200457 a 4500</leader>
  <controlfield tag="001">000025632</controlfield>
  <controlfield tag="005">20250707112615.0</controlfield>
  <controlfield tag="008">110216s2003    mx a    r     000 | spa d</controlfield>
  <datafield tag="020" ind1=" " ind2=" ">
    <subfield code="a">9703208991</subfield>
  </datafield>
  <datafield tag="040" ind1=" " ind2=" ">
    <subfield code="a">DO-SdBNP</subfield>
    <subfield code="b">spa</subfield>
    <subfield code="c">BNPHU</subfield>
  </datafield>
  <datafield tag="082" ind1=" " ind2=" ">
    <subfield code="a">330</subfield>
    <subfield code="b">P737q</subfield>
  </datafield>
  <datafield tag="100" ind1="1" ind2=" ">
    <subfield code="a">Plutarco</subfield>
    <subfield code="9">52326</subfield>
  </datafield>
  <datafield tag="245" ind1="1" ind2="0">
    <subfield code="a">Que las "rondas" no son buenas ... :</subfield>
    <subfield code="b">la OMC y la Ronda de Doha, &#xBF;proteccionismo vs desarrollo? /</subfield>
    <subfield code="c">coordinaci&#xF3;n Mar&#xED;a Cristina Rosas, Giovanni E. Reyes ; pr&#xF3;logo Rubens Ricupero ; Walter Asti&#xE9;-Burgos ... [et al.].; cuidado de la edici&#xF3;n Domingo Cabrera Vel&#xE1;zquez.</subfield>
  </datafield>
  <datafield tag="260" ind1=" " ind2=" ">
    <subfield code="a">M&#xE9;xico, D. F. :</subfield>
    <subfield code="b">Universidad Nacional Aut&#xF3;noma de M&#xE9;xico ,</subfield>
    <subfield code="c">2003.</subfield>
  </datafield>
  <datafield tag="300" ind1=" " ind2=" ">
    <subfield code="a">446 p. :</subfield>
    <subfield code="b">il. ;</subfield>
    <subfield code="c">23 cm.</subfield>
  </datafield>
  <datafield tag="500" ind1=" " ind2=" ">
    <subfield code="a">Incluye notas al pie de p&#xE1;ginas</subfield>
  </datafield>
  <datafield tag="500" ind1=" " ind2=" ">
    <subfield code="a">Incluye bibliograf&#xED;a al final de los cap&#xED;tulos</subfield>
  </datafield>
  <datafield tag="505" ind1="0" ind2=" ">
    <subfield code="t">La Ronda de Doha : alcances y l&#xED;mites /</subfield>
    <subfield code="r">Mar&#xED;a Cristina Rosas</subfield>
    <subfield code="t">El nuevo regionalismo y el retorno a lo pol&#xED;tico /</subfield>
    <subfield code="r">Bj&#xF4;rn Hettne</subfield>
    <subfield code="t">Uni&#xF3;n Europea y OMC : desavenencia trasatl&#xE1;ntica, improbable agenda verde y distorsi&#xF3;n... del esp&#xED;ritu de Doha /</subfield>
    <subfield code="r">Alex De Kerpel</subfield>
    <subfield code="t">La pol&#xED;tica comercial de Jap&#xF3;n frente a los retos de una estrategia de interacci&#xF3;n m&#xFA;ltiple /</subfield>
    <subfield code="r">Carlos Uscanga</subfield>
    <subfield code="t">Rusia y la Organizaci&#xF3;n Mundial del Comercio /</subfield>
    <subfield code="r">Ana Teresa Guti&#xE9;rrez del Cid</subfield>
    <subfield code="t">Integraci&#xF3;n econ&#xF3;mica en Asia Oriental y la Ronda de Doha /</subfield>
    <subfield code="r">Peter Drysdale y Jane Drake-Brockman</subfield>
    <subfield code="t">Globalizaci&#xF3;n en Am&#xE9;rica Latina y el Caribe : integraci&#xF3;n econ&#xF3;mica e inserci&#xF3;n en los mercados internacionales /</subfield>
    <subfield code="r">Giovanni E. Reyes</subfield>
    <subfield code="t">Al ALCA, el nuevo regionalismo y las estrategias de los pa&#xED;ses latinoamericanos /</subfield>
    <subfield code="r">Jos&#xE9; Brice&#xF1;o Ru&#xED;z</subfield>
    <subfield code="t">Centroam&#xE9;rica : integraci&#xF3;n, libre comercio y Plan Puebla-Panam&#xE1; /</subfield>
    <subfield code="r">Walter Asti&#xE9;-Burgos</subfield>
    <subfield code="t">M&#xE9;xico-OMC : y despu&#xE9;s del libre comercio? /</subfield>
    <subfield code="r">Georgina S&#xE1;nchez</subfield>
    <subfield code="t">La cooperaci&#xF3;n para el desarrollo y el comercio internacional /</subfield>
    <subfield code="r">Juan Pablo Prado Lallande</subfield>
    <subfield code="t">Comercio y medio ambiente : m&#xE1;s all&#xE1; del viejo debate /</subfield>
    <subfield code="r">Mario Duarte Villarello</subfield>
    <subfield code="t">Trato especial y diferenciado en las relaciones comerciales multilaterales : el esqueleto en el cl&#xF3;set /</subfield>
    <subfield code="r">Manuela T&#xF3;rtora</subfield>
    <subfield code="t">Migraci&#xF3;n temporal para el suministro de servicios : retos para la liberalizaci&#xF3;n comercial en el marco del GATS? /</subfield>
    <subfield code="r">Sebasti&#xE1;n Escalante</subfield>
    <subfield code="t">La crisis del acceso a los medicamentos y los acuerdos en materia de propiedad intelectual de la Ronda de Uruguay : los pacientes frente a las ganancias /</subfield>
    <subfield code="r">Pascale Boulet y Rachel M. Cohen.</subfield>
  </datafield>
  <datafield tag="650" ind1=" " ind2="0">
    <subfield code="a">Economia </subfield>
    <subfield code="9">85383</subfield>
  </datafield>
  <datafield tag="700" ind1="1" ind2=" ">
    <subfield code="a">Ricupero, Rubens,</subfield>
    <subfield code="e">pr&#xF3;l.</subfield>
    <subfield code="9">52339</subfield>
  </datafield>
  <datafield tag="700" ind1="1" ind2=" ">
    <subfield code="a">Asti&#xE9;-Burgos , Walter,</subfield>
    <subfield code="9">44612</subfield>
  </datafield>
  <datafield tag="700" ind1="1" ind2=" ">
    <subfield code="a">Boulet, Pascale ,</subfield>
    <subfield code="9">52340</subfield>
  </datafield>
  <datafield tag="700" ind1="1" ind2=" ">
    <subfield code="a">Brice&#xF1;o Ru&#xED;z, Jos&#xE9; ,</subfield>
    <subfield code="9">52341</subfield>
  </datafield>
  <datafield tag="700" ind1="1" ind2=" ">
    <subfield code="a">Cohen, Rachel M. ,</subfield>
    <subfield code="9">52342</subfield>
  </datafield>
  <datafield tag="700" ind1="1" ind2=" ">
    <subfield code="a">Drake-Brockman, Jane,</subfield>
    <subfield code="9">52343</subfield>
  </datafield>
  <datafield tag="700" ind1="1" ind2=" ">
    <subfield code="a">Drysdale, Peter ,</subfield>
    <subfield code="9">52344</subfield>
  </datafield>
  <datafield tag="700" ind1="1" ind2=" ">
    <subfield code="a">Duarte Villarello, Mario,</subfield>
    <subfield code="9">50526</subfield>
  </datafield>
  <datafield tag="700" ind1="1" ind2=" ">
    <subfield code="a">Escalante, Sebasti&#xE1;n ,</subfield>
    <subfield code="9">52345</subfield>
  </datafield>
  <datafield tag="700" ind1="1" ind2=" ">
    <subfield code="a">Guti&#xE9;rrez del Cid, Ana Teresa,</subfield>
    <subfield code="9">50529</subfield>
  </datafield>
  <datafield tag="700" ind1="1" ind2=" ">
    <subfield code="a">Hettne, Bj&#xF4;rn ,</subfield>
    <subfield code="9">52346</subfield>
  </datafield>
  <datafield tag="700" ind1="1" ind2=" ">
    <subfield code="a">Kerpel, Alex De,</subfield>
    <subfield code="9">52347</subfield>
  </datafield>
  <datafield tag="700" ind1="1" ind2=" ">
    <subfield code="a">Prado Lallande, Juan Pablo ,</subfield>
    <subfield code="9">52348</subfield>
  </datafield>
  <datafield tag="700" ind1="1" ind2=" ">
    <subfield code="a">E. Reyes, Giovanni ,</subfield>
    <subfield code="9">52349</subfield>
  </datafield>
  <datafield tag="700" ind1="1" ind2=" ">
    <subfield code="a">S&#xE1;nchez, Georgina ,</subfield>
    <subfield code="9">44620</subfield>
  </datafield>
  <datafield tag="700" ind1="1" ind2=" ">
    <subfield code="a">Rosas, Mar&#xED;a Cristina,</subfield>
    <subfield code="9">26176</subfield>
  </datafield>
  <datafield tag="700" ind1="1" ind2=" ">
    <subfield code="a">T&#xF3;rtora, Manuela ,</subfield>
    <subfield code="9">52350</subfield>
  </datafield>
  <datafield tag="700" ind1="1" ind2=" ">
    <subfield code="a">Uscanga, Carlos,</subfield>
    <subfield code="9">50539</subfield>
  </datafield>
  <datafield tag="700" ind1="1" ind2=" ">
    <subfield code="a">L&#xF3;pez Salv&#xE1;, Mercedes ,</subfield>
    <subfield code="9">52329</subfield>
  </datafield>
  <datafield tag="700" ind1="1" ind2=" ">
    <subfield code="a">Cabrera Vel&#xE1;zquez, Domingo,</subfield>
    <subfield code="e">ed.</subfield>
    <subfield code="9">52351</subfield>
  </datafield>
  <datafield tag="049" ind1=" " ind2=" ">
    <subfield code="a">BNGR</subfield>
  </datafield>
  <datafield tag="952" ind1=" " ind2=" ">
    <subfield code="0">0</subfield>
    <subfield code="1">0</subfield>
    <subfield code="5">0</subfield>
    <subfield code="7">1</subfield>
    <subfield code="8">MO</subfield>
    <subfield code="a">GR</subfield>
    <subfield code="b">GR</subfield>
    <subfield code="c">CT</subfield>
    <subfield code="d">2011-02-18</subfield>
    <subfield code="i">LF1</subfield>
    <subfield code="l">0</subfield>
    <subfield code="o">330 P737q</subfield>
    <subfield code="p">25632-10</subfield>
    <subfield code="r">2020-06-25</subfield>
    <subfield code="w">2020-06-25</subfield>
    <subfield code="y">1</subfield>
    <subfield code="Z">No se presta</subfield>
  </datafield>
  <datafield tag="999" ind1=" " ind2=" ">
    <subfield code="c">25124</subfield>
    <subfield code="d">25124</subfield>
  </datafield>
</record>
